[Event "Crema op 22nd"]
[Site "Crema"]
[Date "2022.09.09"]
[Round "1"]
[White "Mahmoud, Karim"]
[Black "Rizzo, Alessandro"]
[Result "0-1"]
[WhiteElo "999"]
[BlackElo "1709"]
[PlyCount "46"]
[EventDate "2022.09.09"]
[EventType "swiss"]
[EventRounds "6"]
[EventCountry "ITA"]
[SourceTitle "CBM 210 Extra"]
[Source "ChessBase"]
[SourceDate "2022.11.30"]
[SourceVersion "1"]
[SourceVersionDate "2022.11.30"]
[SourceQuality "1"]

1. e4 e5 2. Nf3 Nc6 3. Bb5 a6 4. Bxc6 dxc6 5. 0-0 Bg4 6. h3 h5 7. d3 Qf6 8. Nbd2 Ne7 9. b3 Ng6 10. Nc4 Bxf3 11. Qxf3 Qxf3 12. gxf3 0-0-0 13. Be3 f6 14. a3 Be7 15. Kh2 Nh4 16. f4 exf4 17. Bxf4 g5 18. Kg3 gxf4+ 19. Kxf4 Rhg8 20. b4 Rg2 21. Rae1 Bf8 22. e5 Bh6+ 23. Ke4 f5# 0-1